000
00286nam a22001097a 4500
082
_a
320
100
_a
Marwah, Col. T. N.
_9
79790
245
_a
Border and Boundaries : Reflection on Indian partition
260
_a
Delhi
_b
Gaurv Book Cetre
_c
2017
650
_a
Politics
_9
79791
942
_c
BK
999
_c
63379
_d
63379